Reservation law and policy: (Record no. 104858)

MARC details
000 -LEADER
fixed length control field 00634nam a22001937a 4500
005 - DATE AND TIME OF LATEST TRANSACTION
control field 20230822105922.0
010 ## - LCCN (DPL NO)
LC control number ENG-116708
020 ## - INTERNATIONAL STANDARD BOOK NUMBER
International Standard Book Number 9788184845822
Terms of availability 2480.00
035 ## - SYSTEM CONTROL NUMBER
System control number EN-100240
037 ## - SOURCE OF ACQUISITION
Source of stock number/acquisition DBAD/PUB
082 ## - DEWEY DECIMAL CLASSIFICATION NUMBER
Classification number 342.54087
100 ## - MAIN ENTRY--PERSONAL NAME
Personal name Chadha, Anuradha
245 ## - TITLE STATEMENT
Title Reservation law and policy:
Remainder of title past, present and future/
Statement of responsibility, etc by Anuradha Chadha.
260 ## - PUBLICATION, DISTRIBUTION, ETC. (IMPRINT)
Place of publication, distribution, etc New Delhi
Name of publisher, distributor, etc Regal Publications
Date of publication, distribution, etc 2016
270 ## - ADDRESS
Address F-159, Rajouri Garden
City New Delhi
Postal code 110027
300 ## - PHYSICAL DESCRIPTION
Extent xiv,440.00
Dimensions 23cm(Hb)
500 ## - GENERAL NOTE
General note Includes bibliographical references and index.<br/><br/><br/>
942 ## - ADDED ENTRY ELEMENTS (KOHA)
Source of classification or shelving scheme Dewey Decimal Classification
Item type English Books
Classification part 342.54087
Call number suffix CHA
Holdings
Withdrawn status Lost status Not for loan Collection code Home library Current library Date acquired Source of acquisition Cost, normal purchase price Full call number Barcode Copy number Cost, replacement price Koha item type
    Not For Loan Non-fiction D.B.Act.Division Central Library 30/11/2016 DBAD/PUB 2480.00 342.54087 CHA EN-100240 1 2480.00 English Books

© Delhi Public Library
Hit Counter
free hit counter